Memoria leída por el Iltre. Sr. Presidente de este asilo Doctor Don Antonio Anet y Codina en el solemne acto de la distribución de premios a los alumnos, escolares y aprendices en los talleres que se han distinguido por su aplicación y buen comportamiento : ceremonia verificada el día 4 de Julio : año 1886 ceremonia verificada el día 4 de Julio :
Descripción Física:
10 p. ; 22 cm
Materias:
Casa de Caritat (Barcelona) -- Memòries
MARC
| LEADER | 00000nam a2200000Ia 4500 | ||
|---|---|---|---|
| 001 | 10043 | ||
| 008 | 160829s1888 xx 000 0 cat d | ||
| 080 | |a RF-7-23 | ||
| 100 | |a Anet i Codina, Antonio |9 39121 | ||
| 245 | |a Memoria leída por el Iltre. Sr. Presidente de este asilo Doctor Don Antonio Anet y Codina en el solemne acto de la distribución de premios a los alumnos, escolares y aprendices en los talleres que se han distinguido por su aplicación y buen comportamiento : |b ceremonia verificada el día 4 de Julio : |b año 1886 | ||
| 260 | |a Barcelona : |b (Tip. Casa Caridad), |c 1888 | ||
| 300 | |a 10 p. ; |c 22 cm | ||
| 590 | |a Hi ha un duplicat: DUP-21-48 | ||
| 650 | |a Casa de Caritat (Barcelona) |x Memòries |9 38800 | ||
| 856 | 4 | |u https://media.diba.cat/diba/fitxers/arxiu/fulletons/bib_10043_1888_baixa.pdf |y Accés lliure | |
| 856 | 4 | |u https://media.diba.cat/diba/fitxers/arxiu/fulletons/bib_10043_1888_baixa.pdf |y Accés lliure | |
| 901 | |a Arxiu | ||
| 942 | |n 1 |2 udc | ||
| 952 | |0 0 |1 0 |4 0 |6 RF723 |7 1 |9 48815 |a Arxiu |b Arxiu |d 2016-12-01 |l 0 |o RF-7-23 |p 10043 |r 2016-12-01 00:00:00 |w 2016-12-01 |y ARXIU | ||
| 999 | |c 52648 |d 52648 | ||
| 900 | |a bib_10043_1888_baixa.pdf | ||